| 000 | 00654nam a22002057a 4500 | ||
|---|---|---|---|
| 005 | 20100809111224.0 | ||
| 010 | _aENG-98983 | ||
| 020 | _c100.00 | ||
| 035 | _aEN-82515 | ||
| 037 | _bDBAD/PUB | ||
| 082 | _a920 | ||
| 100 |
_aKulkarni, Usha Ravindra _99429 |
||
| 245 |
_aMile soor humara tumhara / _cby Usha Ravindra Kulkarni |
||
| 260 |
_aPune _bUnmesh Prakashan _c2009 |
||
| 270 |
_aC/o Anand Bhimsen Joshi 'Parimal Ganesh Nagar _bPune _e411042 |
||
| 300 |
_a61 p. _c22 cm. (Pbk) |
||
| 700 | _99334 | ||
| 942 |
_2ddc _cEN _mKUL _h920 |
||
| 999 |
_c40380 _d40380 |
||